[Event "Southfield Super Tornado"]
[Site "Southfield, Mich."]
[Date "1987.06.28"]
[Round "6"]
[White "Gaba, Howard"]
[Black "Moody, David"]
[Result "0-1"]
[WhiteElo "1845"]
[BlackElo "2054"]
[PlyCount "90"]
[EventDate "1987.06.27"]

1. e4 e5 2. Nf3 Nc6 3. Bc4 Nf6 4. d3 Bc5 5. O-O d6 6. h3 h6 7. a3 Be6 8. Nbd2
Qd7 9. Bb5 O-O-O 10. Kh2 Rdg8 11. Nc4 g5 12. Be3 g4 13. Nfxe5 dxe5 14. Nxe5 Bd6
15. Bxc6 Bxe5+ 16. g3 Qxc6 17. h4 Rd8 18. Qe2 Qd6 19. Rfd1 Nh5 20. d4 Bxg3+ 21.
Kg2 Nf4+ 22. Bxf4 Bxf4 23. d5 Bd7 24. c4 Qg6 25. c5 Rde8 26. c6 Bf5 27. cxb7+
Kb8 28. exf5 Rxe2 29. fxg6 fxg6 30. Rd4 Rf8 31. Kf1 Rxb2 32. Re1 g3 33. Rde4
Bd6 34. Re8+ Rxe8 35. Rxe8+ Kxb7 36. fxg3 Bxg3 37. h5 gxh5 38. Re3 h4 39. Rd3
h3 40. Rxg3 h2 41. Rh3 h1=Q+ 42. Rxh1 Rb1+ 43. Kg2 Rxh1 44. Kxh1 Kb6 45. Kg2
Kc5 0-1

[Event "East Detroit Open"]
[Site "East Detroit, Mich."]
[Date "1987.07.18"]
[Round "4"]
[White "Spooner, Frank"]
[Black "Moody, David"]
[Result "0-1"]
[WhiteElo "1763"]
[BlackElo "2009"]
[PlyCount "56"]
[EventDate "1987.07.18"]

1. e4 e5 2. Nf3 Nc6 3. Bb5 a6 4. Ba4 Nf6 5. O-O Be7 6. Qe2 b5 7. Bb3 O-O 8. c3
d6 9. d3 Na5 10. Bc2 c5 11. Rd1 Qc7 12. Nbd2 Bd7 13. Nf1 Rfe8 14. Ng3 g6 15.
Bg5 Kg7 16. h4 h6 17. Bc1 Bg4 18. Qd2 Rh8 19. Qe2 Nc6 20. Nf1 Qd7 21. Ne3 Bh5
22. Bb3 Rag8 23. Bd5 Nxd5 24. exd5 Nd8 25. g3 Qh3 26. Ng2 g5 27. hxg5 hxg5 28.
Qe4 Bxf3 0-1

[Event "East Detroit Open"]
[Site "East Detroit, Mich."]
[Date "1987.07.18"]
[Round "3"]
[White "Rutkofske, Lonnie"]
[Black "Moody, David"]
[Result "1/2-1/2"]
[WhiteElo "1888"]
[BlackElo "2009"]
[PlyCount "51"]
[EventDate "1987.07.18"]

1. c4 e5 2. e4 d6 3. Nc3 Nc6 4. d3 f5 5. exf5 Bxf5 6. Nf3 Nf6 7. Bg5 Be7 8. Be2
Qd7 9. Nh4 Be6 10. O-O O-O-O 11. Qa4 h6 12. Be3 g5 13. Ng6 Rhg8 14. Nxe7+ Qxe7
15. Bf3 Bd7 16. b4 Nd4 17. Bxb7+ Kxb7 18. Nb5 a6 19. Bxd4 exd4 20. Rfe1 Qh7 21.
Nxd6+ cxd6 22. b5 Ra8 23. Qb4 Qf5 24. bxa6+ Kxa6 25. Qxd6+ Kb7 26. Rab1+
1/2-1/2

[Event "East Detroit Open"]
[Site "East Detroit, Mich."]
[Date "1987.07.19"]
[Round "5"]
[White "Moody, David"]
[Black "McKinney, Tyrone"]
[Result "1-0"]
[WhiteElo "2009"]
[BlackElo "1841"]
[PlyCount "45"]
[EventDate "1987.07.18"]

1. e4 e5 2. Nf3 Nf6 3. d4 d5 4. dxe5 Nxe4 5. Bd3 Nc5 6. O-O Bg4 7. Be2 Be7 8.
Nc3 c6 9. Be3 Nbd7 10. Nd4 Bxe2 11. Qxe2 g6 12. f4 Qb6 13. e6 fxe6 14. Nxe6
Qxb2 15. Bd4 Nxe6 16. Bxh8 Kf7 17. Rae1 Bc5+ 18. Kh1 Re8 19. f5 Ng7 20. fxg6+
Kg8 21. Qxe8+ Nxe8 22. Rxe8+ Nf8 23. g7 1-0

[Event "Mt. Rainier Quads"]
[Site "Portland, Ore."]
[Date "1987.08.02"]
[Round "2"]
[White "Moody, David"]
[Black "Mellen, Steve"]
[Result "1-0"]
[WhiteElo "2009"]
[BlackElo "1991"]
[PlyCount "73"]
[EventDate "1987.08.02"]

1. b4 d5 2. Bb2 Nf6 3. Nf3 e6 4. b5 a6 5. a4 axb5 6. axb5 Rxa1 7. Bxa1 Bd6 8.
e3 O-O 9. Be2 c6 10. c4 Bd7 11. O-O Re8 12. Qa4 cxb5 13. cxb5 Na6 14. Nc3 Nc5
15. Qc2 e5 16. Bb2 Qc7 17. Rc1 Rc8 18. d4 Nce4 19. Qb3 Qb8 20. Nxd5 Rxc1+ 21.
Bxc1 Nxd5 22. Qxd5 Nc3 23. Qc4 exd4 24. Bd3 Bxb5 25. Bxh7+ Kxh7 26. Ng5+ Kg6
27. Qxf7+ Kxg5 28. e4+ Bf4 29. Qf5+ Kh6 30. Bxf4+ Qxf4 31. Qxf4+ Kh7 32. Qf5+
Kh6 33. f3 d3 34. g4 g6 35. g5+ Kh7 36. Qf7+ Kh8 37. Qf6+ 1-0

[Event "Mt. Rainier Quads"]
[Site "Portland, Ore."]
[Date "1987.08.02"]
[Round "3"]
[White "Harmon, Lee"]
[Black "Moody, David"]
[Result "0-1"]
[WhiteElo "2086"]
[BlackElo "2009"]
[PlyCount "46"]
[EventDate "1987.08.02"]

1. e4 e5 2. f4 exf4 3. Nf3 d5 4. exd5 Nf6 5. Bb5+ c6 6. dxc6 Nxc6 7. d4 Qa5+ 8.
Nc3 Bb4 9. O-O Bxc3 10. Qe2+ Be6 11. bxc3 Qxc3 12. Bd2 Qa3 13. Ng5 O-O 14. Nxe6
fxe6 15. Bxc6 bxc6 16. Qxe6+ Kh8 17. Bxf4 Qc3 18. Be5 Qe3+ 19. Kh1 Ne4 20. Qe7
Rxf1+ 21. Rxf1 Nf2+ 22. Kg1 Nh3+ 23. Kh1 Qg1+ 0-1

[Event "Mt. Rainier Quads"]
[Site "Portland, Ore."]
[Date "1987.08.02"]
[Round "1"]
[White "Coleman, Dale"]
[Black "Moody, David"]
[Result "0-1"]
[WhiteElo "2021"]
[BlackElo "2009"]
[PlyCount "68"]
[EventDate "1987.08.02"]

1. e4 e5 2. Nf3 Nc6 3. Bb5 a6 4. Ba4 Nf6 5. d4 exd4 6. O-O Be7 7. Re1 O-O 8. e5
Ne8 9. Bf4 d6 10. Bxc6 bxc6 11. Nxd4 Bd7 12. Qf3 d5 13. Nd2 c5 14. N4b3 Be6 15.
c3 Qd7 16. h3 a5 17. Be3 Qb5 18. a4 Qb6 19. Rad1 Rd8 20. Nc1 d4 21. Bf4 Qxb2
22. Nd3 Qxc3 23. Rc1 Qa3 24. Ra1 Ba2 25. Reb1 c4 26. Nxc4 Qxa4 27. Ndb2 Qb3 28.
Rxa2 Qxa2 29. Qd1 Rb8 30. Ra1 Qb3 31. Qxd4 Rb4 32. Be3 a4 33. Qd5 Rb5 34. Qd2
a3 0-1

[Event "U.S. Open"]
[Site "Portland, Ore."]
[Date "1987.08.02"]
[Round "1"]
[White "Babcock, Albert"]
[Black "Moody, David"]
[Result "0-1"]
[WhiteElo "1433"]
[BlackElo "2009"]
[PlyCount "80"]
[EventDate "1987.08.02"]

1. e4 e5 2. Nf3 Nc6 3. Bc4 Nf6 4. Ng5 d5 5. exd5 Na5 6. Bb5+ c6 7. dxc6 bxc6 8.
Ba4 Bc5 9. O-O h6 10. Nf3 e4 11. Qe2 O-O 12. Ne1 Qb6 13. d3 Bg4 14. Qd2 Rad8
15. Nc3 e3 16. Qxe3 Bxe3 17. fxe3 Nd5 18. Nxd5 Rxd5 19. c3 Be2 20. Rf2 Bxd3 21.
b4 Nc4 22. Bb3 Rd6 23. Nxd3 Nxe3 24. Nc5 Nd5 25. Bb2 Rf6 26. Rxf6 Nxf6 27. Kf1
Qb5+ 28. Kf2 Re8 29. Re1 Ng4+ 30. Kg3 Rxe1 31. Kxg4 Qe2+ 32. Kh3 Qxb2 33. c4
Re3+ 34. g3 Qf2 35. b5 g6 36. Na6 Qf1+ 37. Kh4 Re4+ 38. g4 Qf2+ 39. Kh3 Qf3+
40. Kh4 Qxg4# 0-1

[Event "Columbia River Open"]
[Site "Portland, Ore."]
[Date "1987.08.03"]
[Round "1"]
[White "Roeder, Robert"]
[Black "Moody, David"]
[Result "0-1"]
[WhiteElo "1570"]
[BlackElo "2009"]
[PlyCount "82"]
[EventDate "1987.08.03"]

1. e4 e5 2. Nf3 Nc6 3. Bb5 a6 4. Bxc6 dxc6 5. O-O Qd6 6. Nc3 Bg4 7. Re1 O-O-O
8. d3 Ne7 9. Bg5 Qg6 10. Bxe7 Bxe7 11. Nxe5 Bxd1 12. Nxg6 hxg6 13. Raxd1 Rh5
14. Ne2 Bd6 15. g3 Rdh8 16. h4 f6 17. Kg2 g5 18. Rh1 gxh4 19. Nf4 Bxf4 20. gxf4
h3+ 21. Kf3 Kd7 22. Rdg1 R8h7 23. Rg3 Ke6 24. Rh2 Rc5 25. c4 Rch5 26. Rg1 b5
27. b3 b4 28. Rgh1 Ra5 29. Rxh3 Rxh3+ 30. Rxh3 Rxa2 31. Rh5 Ra3 32. Rc5 Kd6 33.
d4 Rxb3+ 34. Ke2 Rb2+ 35. Kd3 Rxf2 36. e5+ fxe5 37. fxe5+ Kd7 38. Ra5 Rf3+ 39.
Kc2 Ra3 40. Rxa3 bxa3 41. Kb3 g5 0-1

[Event "U.S. Open"]
[Site "Portland, Ore."]
[Date "1987.08.03"]
[Round "2"]
[White "Moody, David"]
[Black "Larsen, Kenneth"]
[Result "1-0"]
[WhiteElo "2009"]
[BlackElo "2322"]
[PlyCount "97"]
[EventDate "1987.08.02"]

1. e4 d6 2. d4 Nf6 3. Nc3 g6 4. Nf3 Bg7 5. Bc4 O-O 6. Bg5 Nxe4 7. Nxe4 d5 8.
Bd3 dxe4 9. Bxe4 c5 10. Qd2 cxd4 11. O-O-O f5 12. Bd3 Nc6 13. Bc4+ Kh8 14. h4
h5 15. Bh6 e5 16. Bxg7+ Kxg7 17. Rhe1 e4 18. Nxd4 Qxh4 19. Nxc6 bxc6 20. Qd6
Qg5+ 21. Kb1 Qf6 22. Qc7+ Kh8 23. Rd6 Qg7 24. Qxc6 Bb7 25. Qb5 Rab8 26. Bb3 e3
27. Rxe3 Bxg2 28. Qd3 Rb7 29. Ree6 Re7 30. Rxe7 Qxe7 31. a3 Be4 32. Qd2 Rb8 33.
Rxg6 f4 34. Qd4+ Kh7 35. Re6 Qb7 36. Qxe4+ Qxe4 37. Rxe4 Rf8 38. Re7+ Kg6 39.
Rxa7 h4 40. Bd5 h3 41. Re7 f3 42. Re1 Kg5 43. Rh1 Rh8 44. Be6 h2 45. a4 Rh6 46.
Bd5 Kg4 47. a5 Kf4 48. b4 Rh5 49. c4 1-0

[Event "U.S. Open"]
[Site "Portland, Ore."]
[Date "1987.08.04"]
[Round "3"]
[White "Moody, David"]
[Black "Simon, Jerry"]
[Result "0-1"]
[WhiteElo "2009"]
[BlackElo "2195"]
[PlyCount "46"]
[EventDate "1987.08.02"]

1. e4 e6 2. d4 d5 3. Nc3 Bb4 4. e5 c5 5. a3 Bxc3+ 6. bxc3 Ne7 7. Nf3 Nbc6 8. a4
Qa5 9. Bd2 Bd7 10. Bb5 Qc7 11. O-O O-O 12. Bd3 h6 13. Nh4 cxd4 14. cxd4 Nxd4
15. Bb4 Rfe8 16. Bd6 Qa5 17. f4 Rac8 18. Rb1 b6 19. Rb4 Ndf5 20. Nxf5 Nxf5 21.
Bxf5 exf5 22. Qd3 Re6 23. c4 Rxd6 0-1

[Event "Columbia River Open"]
[Site "Portland, Ore."]
[Date "1987.08.04"]
[Round "4"]
[White "Moody, David"]
[Black "Kretton, Michael"]
[Result "0-1"]
[WhiteElo "2009"]
[BlackElo "1865"]
[PlyCount "50"]
[EventDate "1987.08.03"]

1. e4 c5 2. Nf3 d6 3. d4 cxd4 4. Nxd4 Nf6 5. Nc3 a6 6. Bc4 e6 7. Bb3 Be7 8. Be3
Nc6 9. Qe2 O-O 10. O-O-O Na5 11. f4 Qc7 12. g4 Nxb3+ 13. axb3 b5 14. g5 Nd7 15.
h4 b4 16. Na4 Bb7 17. Bf2 Nc5 18. Nxc5 dxc5 19. Nf3 Qxf4+ 20. Kb1 Qxe4 21. Qxe4
Bxe4 22. Rh3 Rfd8 23. Rf1 Rd5 24. Bg3 Rad8 25. Rhh1 Rf5 0-1

[Event "Columbia River Open"]
[Site "Portland, Ore."]
[Date "1987.08.04"]
[Round "3"]
[White "Marchand, Erich"]
[Black "Moody, David"]
[Result "1-0"]
[WhiteElo "2312"]
[BlackElo "2009"]
[PlyCount "79"]
[EventDate "1987.08.03"]

1. d4 Nf6 2. c4 c5 3. d5 e6 4. Nc3 exd5 5. cxd5 d6 6. e4 g6 7. Be2 Bg7 8. Nf3
O-O 9. O-O Re8 10. Nd2 a6 11. a4 Nbd7 12. h3 Rb8 13. a5 b5 14. axb6 Rxb6 15.
Nc4 Nxe4 16. Nxe4 Rxe4 17. Nxb6 Qxb6 18. Qc2 Rb4 19. Ra4 Rxa4 20. Qxa4 Bxb2 21.
Bxb2 Qxb2 22. Bxa6 Bxa6 23. Qxa6 Qe5 24. Qc8+ Nf8 25. Rb1 h5 26. Rb8 Qe7 27.
Qd8 Qxd8 28. Rxd8 Kg7 29. Rxd6 Nh7 30. Rc6 Kf8 31. Rxc5 Ke7 32. Rc7+ Ke8 33. d6
Nf6 34. Kf1 Nd5 35. Rb7 Nf4 36. Re7+ Kf8 37. h4 Nd5 38. Rb7 Ke8 39. Ke2 Nf6 40.
Kd3 1-0

[Event "U.S. Open"]
[Site "Portland, Ore."]
[Date "1987.08.05"]
[Round "4"]
[White "Stein, Kurt"]
[Black "Moody, David"]
[Result "1-0"]
[WhiteElo "2256"]
[BlackElo "2009"]
[PlyCount "33"]
[EventDate "1987.08.02"]

1. e4 e5 2. Nf3 Nc6 3. d4 exd4 4. Bc4 Be7 5. Nxd4 Nf6 6. Nxc6 bxc6 7. e5 Ne4 8.
Qf3 d5 9. exd6 Nxd6 10. Qxc6+ Bd7 11. Qc5 O-O 12. Bd3 Ne4 13. Qc4 Nxf2 14. Kxf2
Bh4+ 15. g3 Qf6+ 16. Qf4 Qb6+ 17. Be3 1-0

[Event "U.S. Open"]
[Site "Portland, Ore."]
[Date "1987.08.06"]
[Round "5"]
[White "Moody, David"]
[Black "Colpron, Milton"]
[Result "0-1"]
[WhiteElo "2009"]
[BlackElo "1814"]
[PlyCount "60"]
[EventDate "1987.08.02"]

1. e4 e6 2. d4 d5 3. Nc3 Bb4 4. e5 c5 5. a3 Bxc3+ 6. bxc3 Nc6 7. Qg4 Nge7 8.
Qxg7 Rg8 9. Qxh7 cxd4 10. Nf3 Qc7 11. Bb5 Rxg2 12. Bg5 Rxg5 13. Nxg5 Qxe5+ 14.
Kf1 Qxg5 15. Rg1 Qf5 16. Qh8+ Kd7 17. Qxd4 Qxc2 18. Qg7 a6 19. Bxc6+ bxc6 20.
Qxf7 a5 21. Rg7 Ba6+ 22. Kg1 Re8 23. Re1 Be2 24. h4 Qe4 25. Qf6 Kd6 26. h5 Nf5
27. Rg6 Ne7 28. Rg7 Qf3 29. Qd4 Qxh5 30. Qe3 Nf5 0-1

[Event "U.S. Open"]
[Site "Portland, Ore."]
[Date "1987.08.07"]
[Round "6"]
[White "Wissig, Raymond"]
[Black "Moody, David"]
[Result "0-1"]
[WhiteElo "1676"]
[BlackElo "2009"]
[PlyCount "30"]
[EventDate "1987.08.02"]

1. f4 e5 2. fxe5 d6 3. Nf3 dxe5 4. e4 Bc5 5. d3 Nc6 6. Nc3 Nf6 7. Bg5 h6 8. Bh4
g5 9. Bg3 Ng4 10. Nd5 Be6 11. h3 Nf6 12. Nc3 Nh5 13. Bxe5 Nxe5 14. Nxe5 Ng3 15.
Rg1 Bxg1 0-1

[Event "Mt. Hood Quads"]
[Site "Portland, Ore."]
[Date "1987.08.07"]
[Round "3"]
[White "Moody, David"]
[Black "Steinocher, Kirk"]
[Result "0-1"]
[WhiteElo "2009"]
[BlackElo "1972"]
[PlyCount "36"]
[EventDate "1987.08.07"]

1. e4 d6 2. d4 Nf6 3. Nc3 g6 4. Nf3 Bg7 5. Bc4 O-O 6. Bg5 Nc6 7. Qe2 e5 8.
O-O-O Bg4 9. h3 Nxd4 10. Qe3 Nxf3 11. gxf3 Bh5 12. Ne2 Qd7 13. Rdg1 d5 14. Bxd5
Nxd5 15. exd5 Qxd5 16. f4 Bxe2 17. Qxe2 f6 18. Bh4 exf4 0-1

[Event "Mt. Hood Quads"]
[Site "Portland, Ore."]
[Date "1987.08.07"]
[Round "1"]
[White "Marchand, Erich"]
[Black "Moody, David"]
[Result "0-1"]
[WhiteElo "2312"]
[BlackElo "2009"]
[PlyCount "78"]
[EventDate "1987.08.07"]

1. d4 Nf6 2. c4 c5 3. d5 e6 4. Nc3 exd5 5. cxd5 d6 6. e4 g6 7. Nf3 Bg7 8. Be2
O-O 9. O-O Bg4 10. Bf4 a6 11. a4 Nh5 12. Bg5 Qc7 13. Nd2 Bxe2 14. Qxe2 Nd7 15.
a5 Rfe8 16. Qd3 h6 17. Be3 Ne5 18. Qe2 Nf6 19. h3 Qe7 20. f4 Ned7 21. Qf3 Rab8
22. Rfe1 b5 23. Bf2 c4 24. Rac1 Qd8 25. b4 cxb3 26. Nxb3 Rc8 27. Na2 Rxc1 28.
Naxc1 Qc7 29. Bg3 Nh5 30. Bf2 Nhf6 31. Kh2 Qc4 32. Nd4 Nxd5 33. Ne6 Rxe6 34. f5
Re8 35. Qd1 Rxe4 36. fxg6 fxg6 37. Kh1 Nc3 38. Qf3 Ne5 39. Rxe4 Nxe4 0-1

[Event "Mt. Hood Quads"]
[Site "Portland, Ore."]
[Date "1987.08.07"]
[Round "2"]
[White "Colin, Leslie"]
[Black "Moody, David"]
[Result "0-1"]
[WhiteElo "1936"]
[BlackElo "2009"]
[PlyCount "78"]
[EventDate "1987.08.07"]

1. e4 e5 2. f4 exf4 3. Nf3 d5 4. e5 g5 5. h4 g4 6. Nd4 Be7 7. Bb5+ c6 8. Be2
Bxh4+ 9. Kf1 h5 10. d3 Bg3 11. e6 Qb6 12. exf7+ Kxf7 13. c3 Nf6 14. b4 Na6 15.
a3 c5 16. bxc5 Nxc5 17. Nd2 Bd7 18. a4 Rae8 19. Rb1 Qa5 20. Nb5 f3 21. gxf3
gxf3 22. Nxf3 Nxa4 23. Ng5+ Kg6 24. d4 Bxb5 25. Rxb5 Qxc3 26. Bd3+ Ne4 27. Nxe4
dxe4 28. Rg5+ Kf7 29. Kg2 Qxd3 30. Rf1+ Ke7 31. Qxa4 Qe2+ 32. Kxg3 h4+ 33. Kh3
Qxf1+ 34. Rg2 Qxc1 35. Qb4+ Kd8 36. Qd6+ Kc8 37. Qh2 Qe3+ 38. Kg4 Qf3+ 39. Kg5
Reg8# 0-1

[Event "Interstate Bank Weekend Open"]
[Site "Portland, Ore."]
[Date "1987.08.08"]
[Round "1"]
[White "Moody, David"]
[Black "Garcia, Eligio"]
[Result "1-0"]
[WhiteElo "2009"]
[BlackElo "1807"]
[PlyCount "39"]
[EventDate "1987.08.08"]

1. e4 e5 2. Nf3 Nf6 3. Nc3 Bb4 4. Bc4 Nc6 5. d3 d6 6. Be3 Bg4 7. h3 Bxf3 8.
Qxf3 Nd4 9. Qg3 Nh5 10. Qg4 Nxc2+ 11. Ke2 Nxe3 12. fxe3 g6 13. Raf1 O-O 14.
Rxf7 Rxf7 15. Rf1 Nf6 16. Qe6 d5 17. Nxd5 Nxd5 18. Bxd5 Qg5 19. Rxf7 Kh8 20. h4
1-0

[Event "Interstate Bank Weekend Open"]
[Site "Portland, Ore."]
[Date "1987.08.09"]
[Round "3"]
[White "O'Brien, Kevin"]
[Black "Moody, David"]
[Result "1/2-1/2"]
[WhiteElo "1726"]
[BlackElo "2009"]
[PlyCount "124"]
[EventDate "1987.08.08"]

1. e4 e5 2. Nf3 Nc6 3. Bb5 a6 4. Ba4 Be7 5. c3 Nf6 6. Qe2 O-O 7. O-O b5 8. Bc2
d6 9. h3 Na5 10. d4 exd4 11. cxd4 Re8 12. b3 Bf8 13. Bg5 h6 14. Bh4 g5 15. Bg3
Bg7 16. e5 dxe5 17. dxe5 Bb7 18. Nbd2 Nd7 19. Rad1 Qe7 20. Qd3 Nf8 21. Rfe1
Rad8 22. Qc3 Nc6 23. Be4 Qe6 24. Rc1 b4 25. Qc2 Na5 26. Qxc7 Bxe4 27. Nxe4 Rd5
28. Nf6+ Bxf6 29. exf6 Qd7 30. Rxe8 Qxe8 31. Rc5 Rxc5 32. Qxc5 Qb5 33. Qxb5
axb5 34. Bd6 Nc6 35. Ne5 Nxe5 36. Bxe5 Nd7 37. Bd6 Nxf6 38. Bxb4 Nd5 39. Bd2
Kf8 40. Kf1 Ke7 41. Ke2 Kd6 42. Kd3 Kc5 43. a3 f5 44. g3 Nf6 45. f3 g4 46. hxg4
fxg4 47. fxg4 Nxg4 48. Ke4 h5 49. Be3+ Kd6 50. Bd4 Ke6 51. a4 bxa4 52. bxa4 Nh2
53. a5 Kd7 54. a6 Kc8 55. Kf5 Nf1 56. Bf2 Kb8 57. Kf4 Nxg3 58. Kxg3 h4+ 59.
Kxh4 Ka8 60. Kg4 Kb8 61. Kf5 Ka8 62. Ke5 Kb8 1/2-1/2

[Event "U.S. Open"]
[Site "Portland, Ore."]
[Date "1987.08.09"]
[Round "7"]
[White "Moody, David"]
[Black "Eskew, Jeff"]
[Result "0-1"]
[WhiteElo "2009"]
[BlackElo "1713"]
[PlyCount "76"]
[EventDate "1987.08.02"]

1. e4 c5 2. Nf3 d6 3. d4 cxd4 4. Nxd4 Nf6 5. Nc3 g6 6. Be3 Bg7 7. f3 O-O 8. Qd2
Nc6 9. Bc4 Bd7 10. O-O-O Rc8 11. Bb3 Ne5 12. h4 Nc4 13. Bxc4 Rxc4 14. h5 Nxh5
15. g4 Nf6 16. Bh6 Nxe4 17. Nxe4 Rxd4 18. Qh2 Be5 19. f4 Rxd1+ 20. Kxd1 Bxg4+
21. Kc1 Bxb2+ 22. Kxb2 Qb6+ 23. Ka1 Qd4+ 24. c3 Qxe4 25. Bxf8 Kxf8 26. Qxh7 Ke8
27. Qg8+ Kd7 28. Rh8 Qe1+ 29. Kb2 Qd2+ 30. Kb3 Be6+ 31. Kb4 Qb2+ 32. Ka4 Qxa2+
33. Kb4 Qb3+ 34. Ka5 b6+ 35. Ka6 Qa4+ 36. Kb7 Qc6+ 37. Kxa7 Qc7+ 38. Ka8 Bd5#
0-1

[Event "Interstate Bank Weekend Open"]
[Site "Portland, Ore."]
[Date "1987.08.09"]
[Round "4"]
[White "Eskew, Jeff"]
[Black "Moody, David"]
[Result "0-1"]
[WhiteElo "1713"]
[BlackElo "2009"]
[PlyCount "68"]
[EventDate "1987.08.08"]

1. e4 e5 2. f4 exf4 3. Nf3 d5 4. exd5 Nf6 5. Bb5+ c6 6. dxc6 Nxc6 7. d4 Bd6 8.
O-O O-O 9. Nbd2 Bg4 10. c3 Qb6 11. Bxc6 Qxc6 12. c4 Rfe8 13. c5 Bc7 14. Nc4
Rad8 15. Qd3 Bxf3 16. Rxf3 Re1+ 17. Rf1 Rxf1+ 18. Kxf1 Qxc5 19. Qxh7+ Kxh7 20.
dxc5 Rd1+ 21. Ke2 Rg1 22. Kf2 Rh1 23. Nd6 Ng4+ 24. Ke2 Ne3 25. Nxb7 Nxg2 26.
Nd6 Nh4 27. Nb5 f3+ 28. Kf2 Rxh2+ 29. Kf1 Bg3 30. Be3 Rh1+ 31. Bg1 f2 32. Ke2
Rxg1 33. Rf1 Rxf1 34. Kxf1 Nf5 0-1

[Event "U.S. Open"]
[Site "Portland, Ore."]
[Date "1987.08.10"]
[Round "8"]
[White "Gregor, Tom"]
[Black "Moody, David"]
[Result "1/2-1/2"]
[WhiteElo "1668"]
[BlackElo "2009"]
[PlyCount "62"]
[EventDate "1987.08.02"]

1. e4 e5 2. Nf3 Nc6 3. Bc4 Nf6 4. O-O Bc5 5. Nc3 d6 6. h3 h6 7. d3 Be6 8. Bb5
Qe7 9. Be3 Bb6 10. d4 exd4 11. Nxd4 Bd7 12. Nd5 Qxe4 13. Nxf6+ gxf6 14. Nxc6
Bxc6 15. Bxc6+ Qxc6 16. Bxb6 axb6 17. Re1+ Kf8 18. Qd3 Ra5 19. Re2 Rg5 20. g3
h5 21. h4 Rg4 22. Rae1 Rhg8 23. Qh7 Rxg3+ 24. fxg3 Rxg3+ 25. Kh2 Rh3+ 26. Kxh3
Qf3+ 27. Kh2 Qf4+ 28. Kg1 Qg3+ 29. Rg2 Qxe1+ 30. Kh2 Qxh4+ 31. Kg1 Qe1+ 1/2-1/2

[Event "U.S. Open"]
[Site "Portland, Ore."]
[Date "1987.08.11"]
[Round "9"]
[White "Moody, David"]
[Black "Cohen, Peter"]
[Result "1-0"]
[WhiteElo "2009"]
[BlackElo "1771"]
[PlyCount "71"]
[EventDate "1987.08.02"]

1. e4 c6 2. d3 d5 3. Nd2 Nf6 4. Ngf3 Bg4 5. g3 e6 6. Bg2 Be7 7. O-O O-O 8. c4
Qb6 9. Qe1 Re8 10. Kh1 Na6 11. a3 Rad8 12. b4 dxe4 13. dxe4 c5 14. b5 Nb8 15.
Bb2 Nfd7 16. Nb3 e5 17. Nxe5 Nxe5 18. Bxe5 Qe6 19. Qc3 f6 20. Bxb8 Rxb8 21.
Rae1 Rbd8 22. e5 b6 23. Bd5 Rxd5 24. cxd5 Qxd5+ 25. f3 Bh3 26. Rf2 Qa8 27. Rfe2
f5 28. Kg1 Kh8 29. Kf2 Qc8 30. Qc4 Rd8 31. Rd2 Qa8 32. Qf7 Bg5 33. Rd6 Rxd6 34.
exd6 c4 35. d7 Qd8 36. Qe8+ 1-0

[Event "U.S. Open"]
[Site "Portland, Ore."]
[Date "1987.08.12"]
[Round "10"]
[White "Stoltz, Eric"]
[Black "Moody, David"]
[Result "1-0"]
[WhiteElo "1726"]
[BlackElo "2009"]
[PlyCount "41"]
[EventDate "1987.08.02"]

1. e4 e5 2. Nf3 Nc6 3. Bc4 Nf6 4. d4 exd4 5. e5 d5 6. Bb5 Ne4 7. Nxd4 Bc5 8.
O-O O-O 9. Bxc6 bxc6 10. Be3 Bd7 11. f3 Ng5 12. f4 Ne4 13. Nd2 Nxd2 14. Qxd2
Re8 15. Qe1 Qb8 16. b3 Qb6 17. Rd1 Re7 18. Qg3 Rae8 19. c3 Kh8 20. b4 Bxb4 21.
Nf5 1-0

[Event "U.S. Open"]
[Site "Portland, Ore."]
[Date "1987.08.13"]
[Round "11"]
[White "Moody, David"]
[Black "Zentner, Perry"]
[Result "1-0"]
[WhiteElo "2009"]
[BlackElo "1703"]
[PlyCount "69"]
[EventDate "1987.08.02"]

1. e4 d6 2. Nf3 Nf6 3. c3 Nxe4 4. Qa4+ Nc6 5. Qxe4 d5 6. Qh4 f6 7. d4 Bf5 8.
Bb5 Qd7 9. O-O O-O-O 10. Qg3 g5 11. Nfd2 h5 12. Nb3 e6 13. Na5 Bd6 14. Qe3 g4
15. Qe2 Bxh2+ 16. Kh1 g3 17. Bxc6 Qg7 18. Bxb7+ Kd7 19. Qb5+ Ke7 20. Nc6+ Kf7
21. Nxd8+ Rxd8 22. Bf4 h4 23. Bxc7 h3 24. Bxd8 hxg2+ 25. Kxg2 Bh3+ 26. Kxh3
Qh7+ 27. Kg2 Qe4+ 28. f3 Qc2+ 29. Rf2 Qxf2+ 30. Kh3 g2 31. Qd7+ Kg6 32. Qe8+
Kf5 33. Qh5+ Kf4 34. Qg4+ Ke3 35. Qxg2 1-0

[Event "U.S. Open"]
[Site "Portland, Ore."]
[Date "1987.08.14"]
[Round "12"]
[White "Iodice, Art"]
[Black "Moody, David"]
[Result "1-0"]
[WhiteElo "1795"]
[BlackElo "2009"]
[PlyCount "21"]
[EventDate "1987.08.02"]

1. e4 e5 2. Nf3 Nc6 3. Bb5 a6 4. Ba4 Nf6 5. Nc3 b5 6. Bb3 Be7 7. O-O O-O 8. Nd5
Nxe4 9. Nxe7+ Qxe7 10. d4 d6 11. Bd5 1-0

[Event "Alma Mini-Swiss"]
[Site "Alma, Mich."]
[Date "1987.09.19"]
[Round "1"]
[White "Truitt, Glenn"]
[Black "Moody, David"]
[Result "1-0"]
[WhiteElo "1533"]
[BlackElo "2028"]
[PlyCount "79"]
[EventDate "1987.09.19"]

1. e4 e5 2. Nf3 Nc6 3. Bb5 a6 4. Ba4 Nf6 5. d3 Bc5 6. h3 d6 7. Nc3 Be6 8. Bd2
h6 9. Bxc6+ bxc6 10. O-O Qd7 11. Ne2 g5 12. Be3 g4 13. Nxe5 dxe5 14. Bxc5 gxh3
15. Ng3 hxg2 16. Kxg2 Bh3+ 17. Kg1 Bxf1 18. Kxf1 Qh3+ 19. Ke1 O-O-O 20. Be7 Ng4
21. Bxd8 Rxd8 22. Qf3 Rd6 23. Ke2 Rf6 24. Nf5 Qxf3+ 25. Kxf3 h5 26. Rh1 Nh6 27.
Rxh5 Nxf5 28. Rxf5 Rh6 29. Rxe5 Rh1 30. Rc5 Kb7 31. b3 Kb6 32. Rc4 Rc1 33. Kf4
c5 34. Ke5 a5 35. a4 Rh1 36. f4 Rh6 37. f5 Rd6 38. Kf4 f6 39. e5 fxe5+ 40. Kxe5
1-0

[Event "Alma Mini-Swiss"]
[Site "Alma, Mich."]
[Date "1987.09.19"]
[Round "2"]
[White "Moody, David"]
[Black "Troupe, David"]
[Result "1-0"]
[WhiteElo "2028"]
[BlackElo "1342"]
[PlyCount "53"]
[EventDate "1987.09.19"]

1. e4 e5 2. Nf3 Nc6 3. d4 exd4 4. Bc4 h6 5. Nxd4 Ne5 6. Bb3 Bb4+ 7. c3 Bc5 8.
O-O d6 9. f4 Bg4 10. Qc2 Nd7 11. Be3 a6 12. Nd2 Qe7 13. Rae1 O-O-O 14. Bc4 Nb6
15. Bd3 g5 16. b4 gxf4 17. Rxf4 Qh4 18. N2f3 Qh5 19. bxc5 dxc5 20. Nf5 Bxf5 21.
Rxf5 Qg6 22. Bxc5 Nd7 23. Bd4 Ne7 24. Bxh8 Rxh8 25. Rf4 Nc5 26. Nd4 Rg8 27. Bc4
1-0

[Event "Alma Mini-Swiss"]
[Site "Alma, Mich."]
[Date "1987.09.19"]
[Round "3"]
[White "Carman, Bruce"]
[Black "Moody, David"]
[Result "0-1"]
[WhiteElo "1563"]
[BlackElo "2028"]
[PlyCount "86"]
[EventDate "1987.09.19"]

1. e4 e5 2. Nf3 Nc6 3. Bb5 a6 4. Ba4 Nf6 5. O-O Be7 6. Re1 b5 7. Bb3 O-O 8. Nc3
d6 9. d4 exd4 10. Nxd4 Nxd4 11. Qxd4 c5 12. Qd3 c4 13. Bxc4 bxc4 14. Qxc4 Be6
15. Qd3 Qc7 16. Qg3 Qc5 17. e5 Ng4 18. h3 Nxe5 19. Bf4 Ng6 20. Be3 Qf5 21. Rac1
Rab8 22. b3 Bf6 23. Bd2 Be5 24. Qe3 Rfc8 25. a4 Nf4 26. Qf3 Nxh3+ 27. Qxh3 Qxh3
28. gxh3 Bxc3 29. Red1 Bxd2 30. Rxd2 d5 31. Rd3 Kf8 32. f4 Ke7 33. Kg2 Rc5 34.
Kg3 Rbc8 35. c3 Bf5 36. Rf3 d4 37. c4 d3 38. Rd1 Rb8 39. Re3+ Kd6 40. Rexd3+
Bxd3 41. Rxd3+ Kc7 42. Kf3 Rc6 43. h4 Rcb6 0-1